| 000 | 01259naa a22003257a 4500 | ||
|---|---|---|---|
| 001 | BR8704672 | ||
| 003 | BR-BrBNA | ||
| 005 | 20240918175839.0 | ||
| 007 | ta | ||
| 008 | 230509b bl.||||| |||| 00| 0 por d | ||
| 040 |
_aBR-BrBNA _bpor _cBiblioteca Nacional de Agricultura |
||
| 041 | _a(Pt) | ||
| 072 |
_aH20 _b0150 _b4120 _b3875 |
||
| 090 | _aH20 BR8704672 | ||
| 100 | 1 | _aRibeiro, A.S. | |
| 100 | 1 | _aSilveira Junior, P. | |
| 111 | 1 |
_a12. Reuniao da Cultura do Arroz Irrigado _cPorto Alegre, RS (Brazil) _d21-23 Sep 1983 |
|
| 245 | 1 | _aComparacao de fungicidas no controle da mancha parda e das manchas de graos em arroz irrigado 1981/83 [Oryza sativa, Helminthosporium oryzae, Curvularia lunata, fungo] | |
| 260 | 3 |
_aPorto Alegre, RS (Brasil): _c1983. |
|
| 500 | _aAnais da 12. Reuniao da Cultura do Arroz Irrigado Porto Alegre, RS (Brasil): 1983. v. 261-264 (BR8704672-AM)H20 | ||
| 650 | _aARROZ IRRIGADO | ||
| 650 | _aMANCHA DO GRAO | ||
| 650 | _aMANCHA PARDA | ||
| 650 | _aHELMINTOSPORIOSE | ||
| 650 | _aFUNGICIDA | ||
| 650 | _aCONTROLE QUIMICO | ||
| 773 | 0 |
_tAnais da 12. Reuniao da Cultura do Arroz Irrigado _wH20 BR8704672 _gPorto Alegre, RS (Brasil), 1983. v. 261-264 |
|
| 909 |
_a202404 _bLucia _c55 _dLucia Elande |
||
| 942 |
_cAM _2AGRIS |
||
| 999 |
_c318405 _d318405 |
||